| 000 | 00474nam a2200157Ia 4500 | ||
|---|---|---|---|
| 008 | 220216s9999 xx 000 0 und d | ||
| 100 | _aStaba E John | ||
| 245 | 0 | _aGrowth regulator effects on rubber and reasin production in guayule callus and proliferating shoot cultures | |
| 260 |
_bJournal of Natural Rubber Research _c1988 |
||
| 300 | _a127-135 | ||
| 650 | _aGuayule | ||
| 650 | _aResin production | ||
| 650 | _aRubber | ||
| 700 | _aPagano Saharan A | ||
| 942 | _cJS | ||
| 999 |
_c60167 _d60167 |
||